Comunidad eclesial de base: curso fundamental

Salvato in:
Dettagli Bibliografici
Autore principale: Marins, José (autor)
Natura: Libro
Lingua:spagnolo
Pubblicazione: Santiago CIDOC 1972
Edizione:1a. ed
Soggetti:
Tags: Aggiungi Tag
Nessun Tag, puoi essere il primo ad aggiungerne!!

MARC

LEADER 00000cam a2200000 a 4500
001 UCE9844
003 CL-VaPUC
008 151106e19720000cl |||||||||||||||||spa|d
082 0 4 |a 266  |b MAR  |2 21 
100 |a Marins, José  |e autor  |9 582802 
245 1 0 |a Comunidad eclesial de base: curso fundamental 
250 |a 1a. ed 
300 |a 525 p 
942 |c BK 
945 |d 20151106 14:16:00  |a gsalatino 
260 |a Santiago  |b CIDOC  |c 1972 
650 0 |a Iglesia   |9 255004 
650 7 |a COMUNIDAD ECLESIASTICA  |2 CL-VaPUC  |9 559999 
650 7 |a CURSOS DE ENSEÑANZA  |2 CL-VaPUC  |9 354735 
583 |a last modification  |c 20151106 14:16:00  |k Rodrigo Vera 
999 |c 361487  |d 361485 
952 |0 0  |1 0  |3 erb  |4 0  |6 266_000000000000000_MAR_1972  |7 0  |8 P  |9 472048  |a BIBTEO  |b BIBTES  |c TEO_FTES  |i 5208467  |o 266 MAR 1972  |p 5208467  |r 2024-01-18  |w 2019-11-24  |y BK  |z Catalogado en:20151106  |k ICR